Представление документа в формате RUSMARC

ПолеНазваниеЗначение
  Тип записи a
  Библиографический уровень m
001 Контрольный номер 3c41d731024b4d97a29060b046dd52f7
005 Дата корректировки 20251023124156.2
010 Индекс ISBN __
a ISBN 978-5-17-104569-2 (в пер.)
d Цена 261-25, 2000 экз.
100 Данные общей обработки __
a Данные общей обработки 19190109d2018||||||| 0rusy0189 ca
101 Язык документа 0_
a Язык текста rus
102 Страна публикации __
a Страна публикации ru|
102 Страна публикации __
a Страна публикации RU
105 Кодированные данные (монография) __
a Кодированные данные (монография) #|||||||000zy
200 Заглавие и сведения об ответственности 1_
a Заглавие Разрешаю себя ненавидеть
e Сведения, относящиеся к заглавию [роман]
f Первые сведения об ответственности Юлия Колесникова
b Общее обозначение материала Текст
210 Выходные данные 1_
a Место издания Москва
c Издательство АСТ
d Дата издания 2018
215 Физическое описание __
a Объем 347, [2] с.
d Формат 21 см
225 Серия 2_
a Серия #дотебя
330 Аннотация __
a Аннотация Жизнь юной Флекс круто меняется, когда ее родители берут на воспитание двоих детей их погибших друзей. Один из них - красавчик Ирвинг, с которым у девушки дружба не складывается сразу же. Между подростками начинается настоящая война, со временем переходящая в тайные и запутанные отношения. Встречаясь с другими девушками и парнями, Ирвинг и Флекс ведут игру, которая причиняет боль им обоим. Лишь со временем Флекс поймет, за что Ирвинг так ненавидит ее, несмотря на всю страсть, с которой он к ней прикасается.
333 Примечание о целевом назначении __
a Примечание о целевом назначении 16+. Для детей старше 16 лет
606 Тематические рубрики __
a Основная рубрика Художественная литература
606 Тематические рубрики __
a Основная рубрика Современная русская литература (произведения)
610 Ключевые слова 0_
a Ключевые слова женская проза
610 Ключевые слова 0_
a Ключевые слова романы
610 Ключевые слова 0_
a Ключевые слова современная проза
610 Ключевые слова 0_
a Ключевые слова тема семьи
610 Ключевые слова 0_
a Ключевые слова тема подростков
610 Ключевые слова 0_
a Ключевые слова тема подростковой любви
610 Ключевые слова 0_
a Ключевые слова тема любви
610 Ключевые слова 0_
a Ключевые слова тема взаимоотношений
610 Ключевые слова 0_
a Ключевые слова тема ненависти
686 Индексы других классификаций __
2 Код системы rubbks
a Классификационный индекс 84(2=411.2)6-4; ст84(2=411.2)6-4
700 Автор _1
a Фамилия Колесникова
b Имя Ю. А.
g Полное личное имя Юлия Анатольевна
4 Код отношения 070
801 Источник записи _0
a Страна ru
b Организация Муниципальное бюджетное учреждение культуры "Централизованная библиотечная система" г. Сургут (Центральная городская библиотека им. А. С. Пушкина)
c Дата составления 20190109
g Правила каталогизации PSBO
801 Источник записи _1
a Страна ru
b Организация Муниципальное бюджетное учреждение культуры "Централизованная библиотечная система" г. Сургут (Центральная городская библиотека им. А. С. Пушкина)
c Дата составления 20190109
g Правила каталогизации PSBO
852 Данные о местонахождении __
j Шифр хранения 84(2=411.2)6-4
i Авторский знак К 60
901 Тип документа __
t Тип документа m
a Ответственный КиК/Мамарузиева
903 Характеристики (МАРС) __
a Дата передачи 20190109
990 Данные о заказе (DOS) __
j Количество экземпляров (DOS) 5
t N записи в КСУ для И/У (DOS) 201901